Central Library OPAC University of Rajshahi

Trade and diplomacy on the China coast ; (Record no. 62168)

MARC details
000 -LEADER
fixed length control field 00922nam a2200277 a 4500
001 - CONTROL NUMBER
control field 62168
003 - CONTROL NUMBER IDENTIFIER
rucl marc code BD-RjUL
005 - DATE AND TIME OF LATEST TRANSACTION
control field 20211209081042.0
008 - FIXED-LENGTH DATA ELEMENTS--GENERAL INFORMATION
fixed length control field 170123s1969 caubc b 001 0 eng
035 ## - SYSTEM CONTROL NUMBER
System control number (BD-RjUL)62293
040 ## - CATALOGING SOURCE
Original cataloging agency DLC
Transcribing agency DLC
Modifying agency BD-RjUL
Language of cataloging eng
041 ## - LANGUAGE CODE
Language code of text/sound track or separate title eng
082 00 - DEWEY DECIMAL CLASSIFICATION NUMBER
Classification number 382.0951
Edition number 23
Author mark and year FAT 1969
100 1# - MAIN ENTRY--PERSONAL NAME
Personal name Fairbank, John King,
Dates associated with a name 1907-1991.
9 (RLIN) 184923
245 10 - TITLE STATEMENT
Title Trade and diplomacy on the China coast ;
Remainder of title the opening of the treaty ports 1842-1854 /
Statement of responsibility, etc. John King Fairbank,
260 ## - PUBLICATION, DISTRIBUTION, ETC. (IMPRINT)
Place of publication, distribution, etc. Stanford, Calif. :
Name of publisher, distributor, etc. Stanford University Press
Date of publication, distribution, etc. c1969
300 ## - PHYSICAL DESCRIPTION
Pagination xviii, 583 p. :
Illustrations ill. ;
Size 22 cm.
350 ## - PRICE (NR) (BK AM CF MU VM SE) [OBSOLETE]
Price 3.85
504 ## - BIBLIOGRAPHY, ETC. NOTE
Bibliography, etc Include Bibliography and index
650 #0 - SUBJECT ADDED ENTRY--TOPICAL TERM
Topical term or geographic name as entry element Harbors
Geographic subdivision China.
9 (RLIN) 184924
Topical term or geographic name as entry element Customs administration
Geographic subdivision China.
9 (RLIN) 184925
651 #0 - SUBJECT ADDED ENTRY--GEOGRAPHIC NAME
Geographic name China
General subdivision Commerce
-- History.
9 (RLIN) 184926
Geographic name China
General subdivision Foreign relations.
9 (RLIN) 175864
942 ## - ADDED ENTRY ELEMENTS (KOHA)
Source of classification or shelving scheme Dewey Decimal Classification
Koha item type Books
Holdings
Lost status Source of classification or shelving scheme Damaged status Not for loan Collection code Permanent Location Current Location Shelving location Date acquired Source of acquisition Total Checkouts Full call number Date last seen Copy number Koha item type
  Dewey Decimal Classification   Not For Loan Non-fiction Central Library, University of Rajshahi Central Library, University of Rajshahi Reading Room 30/08/1990 Asia foundation   382.0951 FAT 1969 23/01/2017 C-1 Books